A Textbook On Printing Technology/ (Record no. 190123)

MARC details
000 -LEADER
fixed length control field 00563nam a22001817a 4500
005 - DATE AND TIME OF LATEST TRANSACTION
control field 20220718170423.0
010 ## - LCCN (DPL NO)
LC control number ENG-133660
020 ## - INTERNATIONAL STANDARD BOOK NUMBER
Terms of availability 150.00
International Standard Book Number 9789391373504
035 ## - SYSTEM CONTROL NUMBER
System control number EN-117192
037 ## - SOURCE OF ACQUISITION
Source of stock number/acquisition DBAD/PUB
082 ## - DEWEY DECIMAL CLASSIFICATION NUMBER
Classification number 686.2
100 ## - MAIN ENTRY--PERSONAL NAME
Personal name Hilda, Mary
245 ## - TITLE STATEMENT
Title A Textbook On Printing Technology/
Statement of responsibility, etc Mary Hilda
260 ## - PUBLICATION, DISTRIBUTION, ETC. (IMPRINT)
Place of publication, distribution, etc Tamil Nadu
Name of publisher, distributor, etc Shanlax Publications
Date of publication, distribution, etc 2021
270 ## - ADDRESS
Address 61,66 T. P. K. Main Road,Vasantha Nagar, Madurai
City Tamil Nadu
Postal code 625003
300 ## - PHYSICAL DESCRIPTION
Extent 84 p.
Dimensions 22 cm(pbk)
Other physical details Model Questions
942 ## - ADDED ENTRY ELEMENTS (KOHA)
Source of classification or shelving scheme Dewey Decimal Classification
Item type English Books
Classification part 686.2
Call number suffix HIL
Holdings
Withdrawn status Lost status Not for loan Collection code Home library Current library Date acquired Source of acquisition Cost, normal purchase price Full call number Barcode Copy number Cost, replacement price Koha item type
      Non-fiction Bawana Bawana 18/07/2022 DBAD/PUB 150.00 686.2 HIL EN-117192 1 150.00 English Books

© Delhi Public Library
Hit Counter
free hit counter